<?xml version="1.0" encoding="UTF-8"?><?xml-stylesheet type="text/xsl" href="static/style.xsl"?><OAI-PMH xmlns="http://www.openarchives.org/OAI/2.0/" xmlns:xsi="http://www.w3.org/2001/XMLSchema-instance" xsi:schemaLocation="http://www.openarchives.org/OAI/2.0/ http://www.openarchives.org/OAI/2.0/OAI-PMH.xsd"><responseDate>2026-04-13T00:06:32Z</responseDate><request verb="GetRecord" identifier="oai:www.recercat.cat:10459.1/69907" metadataPrefix="marc">https://recercat.cat/oai/request</request><GetRecord><record><header><identifier>oai:recercat.cat:10459.1/69907</identifier><datestamp>2024-12-05T21:40:43Z</datestamp><setSpec>com_2072_3622</setSpec><setSpec>col_2072_479130</setSpec></header><metadata><record xmlns="http://www.loc.gov/MARC21/slim" xmlns:dcterms="http://purl.org/dc/terms/" xmlns:xsi="http://www.w3.org/2001/XMLSchema-instance" xmlns:doc="http://www.lyncode.com/xoai" xsi:schemaLocation="http://www.loc.gov/MARC21/slim http://www.loc.gov/standards/marcxml/schema/MARC21slim.xsd">
   <leader>00925njm 22002777a 4500</leader>
   <datafield ind2=" " ind1=" " tag="042">
      <subfield code="a">dc</subfield>
   </datafield>
   <datafield ind2=" " ind1=" " tag="720">
      <subfield code="a">Roura i Pascual, Núria</subfield>
      <subfield code="e">author</subfield>
   </datafield>
   <datafield ind2=" " ind1=" " tag="720">
      <subfield code="a">Brotons, Lluís</subfield>
      <subfield code="e">author</subfield>
   </datafield>
   <datafield ind2=" " ind1=" " tag="720">
      <subfield code="a">García, D.</subfield>
      <subfield code="e">author</subfield>
   </datafield>
   <datafield ind2=" " ind1=" " tag="720">
      <subfield code="a">Zamora, Regino</subfield>
      <subfield code="e">author</subfield>
   </datafield>
   <datafield ind2=" " ind1=" " tag="720">
      <subfield code="a">De Cáceres, Miquel</subfield>
      <subfield code="e">author</subfield>
   </datafield>
   <datafield ind2=" " ind1=" " tag="260">
      <subfield code="c">2020-11-18T12:42:17Z</subfield>
   </datafield>
   <datafield ind2=" " ind1=" " tag="260">
      <subfield code="c">2020-11-18T12:42:17Z</subfield>
   </datafield>
   <datafield ind2=" " ind1=" " tag="260">
      <subfield code="c">2012</subfield>
   </datafield>
   <datafield ind2=" " ind1=" " tag="520">
      <subfield code="a">The study of the spatial patterns of species allows the examination of hypotheses on the most plausible ecological processes and factors determining their distribution. To investigate the determinants of parasite species on Mediterranean forests at regional scales, occurrence data of the European Misletoe (Viscum album) in Catalonia (NE Iberian Peninsula) were extracted from forest inventory data and combined with different types of explanatory variables by means of generalized linear mixed models. The presence of mistletoes in stands of Pinus halepensis seems to be determined by multiple factors (climatic conditions, and characteristics of the host tree and landscape structure) operating at different spatial scales, with the availability of orchards of Olea europaea in the surroundings playing a relevant role. These results suggest that host quality and landscape structure are important mediators of plant-plant and plant-animal interactions and, therefore, management of mistletoe populations should be conducted at both local (i.e. clearing of infected host trees) and landscape scales (e.g. controlling the availability of nutrient-rich food sources that attract bird dispersers). Research and management at landscape-scales are necessary to anticipate the negative consequence of land-use changes in Mediterranean forests.</subfield>
   </datafield>
   <datafield ind2=" " ind1=" " tag="520">
      <subfield code="a">El estudio de los patrones espaciales de las especies permite examinar hipótesis sobre los procesos ecológicos y factores más plausibles que determinan su distribución. Para investigar los determinantes de una especie parásita en bosques mediterráneos a escala regional, se combinaron datos sobre la presencia de muérdago (Viscum album) en Cataluña (NE de la Península Ibérica) extraídos del inventario forestal con diferentes variables explicativas por medio de modelos mixtos generalizados. La presencia de muérdago en masas de Pinus halepensis parece estar determinada por múltiples factores (condiciones climáticas, características del árbol hospedante, y estructura del paisaje) que operan a diferentes escalas espaciales, jugando los cultivos de Olea europaea un papel relevante. Los resultados sugieren que la calidad de los árboles hospedantes y la estructura del paisaje son importantes mediadores de las interacciones planta-planta y planta- animal y, por tanto, la gestión de las poblaciones de muérdago debería llevarse a cabo tanto a nivel local (es decir, cortando árboles hospedantes infectados) como de paisaje (por ejemplo, controlando la disponibilidad de hábitats ricos en nutrientes que atraen a las aves dispersantes). La investigación y gestión a escala de paisaje son necesarias para prevenir las consecuencias negativas de los cambios de uso del suelo en los bosques mediterráneos.</subfield>
   </datafield>
   <datafield ind2=" " ind1=" " tag="520">
      <subfield code="a">We acknowledge financial support from the projects Consolider Montes (CSD2008-00040), and CGL2008-01275 (to L.B.) and CGL2008-04794 (to R.Z.) granted by the Spanish Ministry of Research, Science and Innovation (MICINN). N.R-P. benefited from a Beatriu de Pinós Postdoctoral Grant 2008 BP-B 00042 from the Catalan Agency for Management of University and Research Grants (Generalitat de Catalunya).</subfield>
   </datafield>
   <datafield ind1="8" ind2=" " tag="024">
      <subfield code="a">http://hdl.handle.net/10459.1/69907</subfield>
   </datafield>
   <datafield tag="653" ind2=" " ind1=" ">
      <subfield code="a">Bird-mediated dispersal</subfield>
   </datafield>
   <datafield tag="653" ind2=" " ind1=" ">
      <subfield code="a">Iberian Peninsula</subfield>
   </datafield>
   <datafield tag="653" ind2=" " ind1=" ">
      <subfield code="a">Land uses</subfield>
   </datafield>
   <datafield tag="653" ind2=" " ind1=" ">
      <subfield code="a">Landscape structure</subfield>
   </datafield>
   <datafield tag="653" ind2=" " ind1=" ">
      <subfield code="a">Pinus halepensis</subfield>
   </datafield>
   <datafield tag="653" ind2=" " ind1=" ">
      <subfield code="a">Species distribution</subfield>
   </datafield>
   <datafield tag="653" ind2=" " ind1=" ">
      <subfield code="a">Viscum album</subfield>
   </datafield>
   <datafield ind2="0" ind1="0" tag="245">
      <subfield code="a">Local and landscape-scale biotic correlates of mistletoe distribution in Mediterranean pine forests</subfield>
   </datafield>
   <datafield ind2="0" ind1="0" tag="245">
      <subfield code="a">Influencia de factores bióticos a escala local y de paisaje en la distribución del muérdago en pinares mediterráneos</subfield>
   </datafield>
</record></metadata></record></GetRecord></OAI-PMH>